000 02670cam a2200421 4500500
005 20260329005742.0
041 _afre
042 _adc
100 1 0 _aMartin-Juchat, Fabienne
_eauthor
700 1 0 _aDavat, Ambre
_eauthor
245 0 0 _aEnjeux et limites de l’anthropologie par la communication en santé en contexte de recherches partenariales
260 _c2026.
500 _a19
520 _aLes recherches partenariales en santé peuvent être l’occasion pour les chercheurs en sciences de l’information et de la communication (SIC) d’observer au plus près les pratiques des acteurs du domaine de la santé et d’accéder à de nouveaux terrains de recherche. Elles posent cependant de nombreux défis, théoriques comme méthodologiques, que nous souhaitons aborder dans cet article. Nous développerons une approche en particulier : celle de l’anthropologie par la communication affective en santé. Après une synthèse de la littérature et une focalisation sur une méthodologie par les récits d’affects, nous nous appuierons sur deux terrains de recherche menés entre 2021 et 2024 pour présenter les principaux enjeux et limites d’une telle approche.
520 _aPartnership research in the healthcare sector can be a good opportunity for researchers in information and communication sciences to observe the practices of healthcare actors, and to gain access to new fields of research. However, they also raise a number of theoretical and methodological challenges. In this article, we aim to develop one approach in particular: anthropology through affective communication in healthcare. After summarizing the literature and proposing a methodology based on affect narratives, we will draw on several fields of research conducted between 2021 and 2024 to present the main challenges and limitations of such an approach.
690 _aaffects
690 _aanthropologie
690 _acommunication
690 _acorps
690 _aéthique
690 _améthodologie
690 _apouvoir
690 _arecherches partenariales
690 _asanté
690 _avulnérabilité
690 _aaffects
690 _aanthropology
690 _abody
690 _acommunication
690 _aethics
690 _ahealth
690 _amethodology
690 _apartnership research
690 _apower
690 _avulnerability
786 0 _nApproches Théoriques en Information-Communication (ATIC) | 11 | 1 | 2026-03-12 | p. 169-183
856 4 1 _uhttps://shs.cairn.info/revue-approches-theoriques-en-information-communication-atic-2026-1-page-169?lang=fr&redirect-ssocas=7080
999 _c1846268
_d1846268